000
00360nam a22001577a 4500
003
MPLRDC
005
20220104114703.0
008
210129b ||||| |||| 00| 0 eng d
082
_a
782.886 DL-2
100
_a
邹郎
245
_a
戴笠新传
_c
260
_a
_b
新时代出版社
_c
300
_b
平
650
_a
戴笠传记
942
_c
BK
_o
782.886 DL-2
999
_c
9428
_d
9418